salud dental para todos (Record no. 7165)

000 -CABECERA
fixed length control field 00770nam a22001937a 4500
003 - IDENTIFICADOR DEL NÚMERO DE CONTROL
control field AR-CdUCM
008 - DATOS DE LONGITUD FIJA--INFORMACIÓN GENERAL
fixed length control field 190320b ||||| |||| 00| 0 spa d
040 ## - FUENTE DE LA CATALOGACIÓN
Agencia/entidad que catalogó originalmente la obra MUNICIPALIDAD PROVINCIAL DEL CUSCO
Entidad que transcribió la catalogación BIBLIOTECA MUNICIPAL DEL CUSCO
082 ## - NÚMERO DE LA CLASIFICACIÓN DECIMAL DEWEY
No. de Clasificación 617 /
Notacion interna P98
100 ## - ENTRADA PRINCIPAL--NOMBRE DE PERSONA
Nombre Personal Puma, Rudolf
245 ## - MENCIÓN DE TÍTULO
Título salud dental para todos
300 ## - DESCRIPCIÓN FÍSICA
Nº de Páginas Extensión 236 paginas ;
Otros detalles físicos Ilustraciones,
Dimensiones 21 cm.
505 ## - NOTA DE CONTENIDO CON FORMATO
Nota de contenido formateada Génesis de la caries dental osea -- Vida en armonía natural y salud dental autentica -- Vida en armonía social -- Dominio de nuestra psicología y salud dental duradera -- Vida en armonía universal y salud dental perfecta.
650 ## - PUNTO DE ACCESO ADICIONAL DE MATERIA--TÉRMINO DE MATERIA
Descriptor Odontología
9 (RLIN) 19616
650 ## - PUNTO DE ACCESO ADICIONAL DE MATERIA--TÉRMINO DE MATERIA
Descriptor Salud dental
9 (RLIN) 20202
650 ## - PUNTO DE ACCESO ADICIONAL DE MATERIA--TÉRMINO DE MATERIA
Descriptor Caries dental
9 (RLIN) 20203
942 ## - ELEMENTOS DE PUNTO DE ACCESO ADICIONAL (KOHA)
Fuente de clasificación
Tipo de item Libros-BMC
945 ## - PROCESAMIENTO DE INFORMACIÓN LOCAL (OCLC)
Catalogador wnts
Holdings
Estado de retiro (separado) Fuente de clasificación o esquema de estanterías Estado dañado Ubicación Sala donde se ubica Nombre de la colección Fecha de adquisición o compra Costo, precio normal en soles Signatura topográfica Código de Barras Última vez visto (Koha) Tipo de ítem (Koha)
No     Sala Ciencias Sala Ciencias Book Cart 2019-03-20 25.00 617 / P98 SC0000000348 2019-03-20 Libros-BMC
No     Sala Ciencias Sala Ciencias Book Cart 2019-03-20 25.00 617 / P98 / e.2 SC0000000580 2019-03-20 Libros-BMC

Powered by Koha